Cats in movies - Statistics

General Stats
  • This quiz has been taken 21 times
  • The average score is 7 of 16
Answer Stats
Picture Answer % Correct
Garfield
94%
Aristocats
76%
The Godfather
76%
Alien
71%
Shrek
71%
Austin Powers
53%
Oliver & Company
53%
Harry Potter
47%
Flow
41%
Men in Black
24%
Captain Marvel
18%
From Russia with Love
18%
Grand Budapest Hotel
12%
Anchorman
6%
Inside Llewyn Davis
6%
Keanu
6%
No matching quizzes found
Score Distribution
Percent of People with Each Score
Percentile by Number Answered
Your Score History
You have not taken this quiz